| 000 | 00893nam a22002417a 4500 | ||
|---|---|---|---|
| 999 |
_c18932 _d18932 |
||
| 003 | AR-CdUCM | ||
| 008 | 190515b ||||| |||| 00| 0 spa d | ||
| 040 |
_aMUNICIPALIDAD PROVINCIAL DEL CUSCO _cBIBLIOTECA MUNICIPAL DEL CUSCO |
||
| 041 | _heng | ||
| 082 |
_a120 / _bR21 |
||
| 100 |
_aRamsperger, Albert Gustav _939855 |
||
| 245 | _aSistemas filosóficos de la ciencia / | ||
| 260 |
_aBuenos Aires : _bEdit. Claridad, _c1946. |
||
| 300 |
_a255 páginas ; _c21 cm. |
||
| 440 |
_aBiblioteca filosófica _915046 |
||
| 505 | _aContenido: Concepciones del mundo de Democrito, Aristoteles y la edad media -- Los comienzos de la ciencia moderna -- Teoría de la percepción representativa... | ||
| 650 |
_aCiencia _92098 |
||
| 650 |
_aFilosofía _9395 |
||
| 650 |
_aTeorías _95192 |
||
| 700 |
_aArquijo, Ana M. T. de (traducción) _939856 |
||
| 942 |
_2ddc _cLIBROS |
||
| 945 |
_adavv _d2019-05-15 |
||